00546nam a22001817a 4500003000600000005001700006008004100023020001500064040000800079082001700087100001700104245011700121250001400238260004300252300001900295440002700314650002300341GBCCL20241126110548.0180404b ||||| |||| 00| 0 eng d a8190084917 cgbc a220.082bWOO aWood, Beulah aJesus talks to women:bTen studies for groups exploring Jesus' conversations with women /cEdited by Beulah Wood aReprinted aBangalore:bSAIACS Publications,c2002 a39 p.;c22 cm. aProbing Bible Patterns aWomen in the Bible